| 000 | 01660nam a2200313Ia 4500 | ||
|---|---|---|---|
| 999 |
_c39389 _d39389 |
||
| 001 | 5978 | ||
| 003 | GE_BSU | ||
| 005 | 20191031110812.0 | ||
| 008 | 181216s2010||||ge |||||||||||||| ||geo|| | ||
| 020 | _a9789941928406 | ||
| 040 | _cGE_BSU | ||
| 041 | _ageo | ||
| 080 | _a94(063) ს-15 | ||
| 245 |
_aსაერთაშორისო კონფერენცია ტაო-კლარჯეთი : _bმასალები / _cრედ. ბუბა კუდავა. |
||
| 264 |
_aთბილისი, _bხელნაწართა ეროვნ. ცენტრი, _c2010 |
||
| 300 |
_a449 გვ. : _b ილ. ; _c24 სმ. |
||
| 500 | _aზესათ.: ხელნაწერთა ეროვნ. ცენტრი. | ||
| 501 | _a მასალების ნაწილი ინგლ. | ||
| 653 | _aქართული ხუროთმოძღვრული ძეგლები თურქეთში | ||
| 653 | _a ტაო-კლარჯეთი-საერთაშორისო კონფერენცია | ||
| 653 | _aისტორია | ||
| 700 |
_aაითექინი, ოსმან _eავტორი _95160 |
||
| 700 |
_aბუღრული, ჰასან _eავტორი _95161 |
||
| 700 |
_a ბოგიში, მარკუს _eავტორი _95162 |
||
| 700 |
_a ბურჭულაძე, ნანა და სხვ. _eავტორი _95163 |
||
| 700 |
_aკუდავა, ბუბა _eრედაქტორი _93540 |
||
| 710 |
_aხელნაწერთა ეროვნ. ცენტრი _95131 |
||
| 942 |
_cBK _2udc |
||